| 000 | 00946nam a2200325Ia 4500 | ||
|---|---|---|---|
| 005 | 20251020182544.0 | ||
| 008 | 200515s9999 xx 000 0 und d | ||
| 082 | _a747/A79 | ||
| 100 | _aASHLEY, Laura | ||
| 245 | 0 | _aEl gran libro de la decoración | |
| 260 | _aLa Coruña | ||
| 260 | _c1989 | ||
| 300 | _a228 | ||
| 500 | _a1 ejemplar | ||
| 520 | _aSugerentes combinaciones de diseño para ayudarle a decorar el hogar. Como preparar y decorar cada habitación de la casa. Detalladas instrucciones paso a paso, para pintar, empapelar, alicatar, realizar ropa de cama, cortinas, visillos y pequeños accesorio | ||
| 650 | _aALFOMBRAS | ||
| 650 | _aALMOHADAS | ||
| 650 | _aAZULEJOS | ||
| 650 | _aCAMAS | ||
| 650 | _aCORTINAS | ||
| 650 | _aDECORACION | ||
| 650 | _aFUNDAS | ||
| 650 | _aILUMINACION | ||
| 650 | _aLIB | ||
| 650 | _aPINTURA | ||
| 650 | _aPUERTAS | ||
| 650 | _aTAPICES | ||
| 650 | _aVENTANAS | ||
| 942 | _cLIB | ||
| 999 |
_c2485 _d2485 |
||